ՀՀ Գիտությունների ազգային ակադեմիայի հիմնարար գիտական գրադարան  =   Fundamental Scientific Library of NAS RA
Normal view MARC view

Entry Personal Name

Number of records used in: 4

001 - CONTROL NUMBER

  • control field: 3274

003 - CONTROL NUMBER IDENTIFIER

  • control field: AM-YEHGA

005 - DATE AND TIME OF LATEST TRANSACTION

  • control field: 20250617070442.0

008 - FIXED-LENGTH DATA ELEMENTS

  • fixed length control field: 061130 a|ac|n|aab||||||||||||a |n|||||||

040 ## - CATALOGING SOURCE

  • Original cataloging agency: AM-YEHGA

100 1# - HEADING--PERSONAL NAME

  • Personal name: Գրիգորյան, Վիոլետ Խաչատուրի,
  • Dates associated with a name: 1962-

400 1# - SEE FROM TRACING--PERSONAL NAME

  • Personal name: Գրիգորյան, Վիոլետ,
  • Dates associated with a name: 1962-

400 1# - SEE FROM TRACING--PERSONAL NAME

  • Personal name: Գրիգորյան, Վ.
  • Fuller form of name: (Վիոլետ),
  • Dates associated with a name: 1962-

400 1# - SEE FROM TRACING--PERSONAL NAME

  • Personal name: Григорян, Виолет Хачатуровна,
  • Dates associated with a name: 1962-

400 1# - SEE FROM TRACING--PERSONAL NAME

  • Personal name: Grigoryan, Violet Khachaturi,
  • Dates associated with a name: 1962-

670 ## - SOURCE DATA FOUND

  • Source citation: Ով ով է. հայեր (կենսագրական հանրագիտարան), 2005 :
  • Information found: հ. 1 (Գրիգորյան Վիոլետ Խաչատուրի [23.12.1962, Թեհրան], բանաստեղծուհի); bIն.տ. (1975-ին հայրենադարձվել է); bIն.տ. (ՀԳՄ Ա. Իսահակյանի անվ. (1991), Ոսկե եղեգն պետ. գրակ. (2000) մրց-ներ)

670 ## - SOURCE DATA FOUND

  • Source citation: Ճշմարիտ, ճշմարիտ եմ ասում : Բանաստեղծություններ, 1991 :
  • Information found: տիտղթ. (Վ. Գրիգորյան)


ՀՀ ԳԱԱ հիմնարար գիտական գրադարան
ՀՀ,Երևան 0019
Մարշալ Բաղրամյան 24/6
հեռախոս:(374-10) 52-47-50
Հետադարձ կապ

All site content, except where otherwise noted, is licensed under a
Creative Commons License